| 000 | 00694nam a2200229 a 4500 | ||
|---|---|---|---|
| 003 | PILC | ||
| 005 | 20160224102052.0 | ||
| 008 | 111013s19uu xx 00 eng d | ||
| 020 | _a9781412921053 | ||
| 050 |
_aG 155.A1 _b .Sm62 2010 |
||
| 100 | _aSmith, Melanie. | ||
| 245 |
_aKey concepts in tourist studies / _cMelanie Smith, Nicola Macleod and Margaret Hart Robertson. |
||
| 260 |
_aLondon : _bSage, _c2010. |
||
| 300 |
_a207 pages : _billustrations ; _c24 cm. |
||
| 500 | _aIncludes bibliographical references and index. | ||
| 650 | _aTourism. | ||
| 700 | _aMacleod, Nicola. | ||
| 700 | _aRobertson, Margaret Hart. | ||
| 942 |
_cBK _2lcc _kFOR |
||
| 999 |
_c39727 _d39727 |
||